000 00595nam a2200229Ia 4500
003 OSt
005 20221007064425.0
006 a|||||r|||| 00| 0
007 ta
008 221006b |||||||| |||| 00| 0 eng d
024 _a18,346
037 _cTextual
040 _aFLL
_cFLL
_beng
041 _2eng
_aeng
082 _aZz7, L2
100 _aBhatia H.S. Au.
_9685770
245 0 _aUnity and discipline throught law
260 _aDelhi
_bDeep & Deep Pub. India
_c1972
300 _a160p
_ccm.
942 _hZz7, L2
_cTEXL
_2CC
999 _c1134022
_d1134022